00587nam a2200193 a 4500001001300000003000900013005001700022008004100039020001000080082001900090100003700109245004500146260005600191300000900247500003500256505002800291650003700319700003700356nice12345678IN_TiNIC20260116015251.0050524s2002 uppa grp 000 0 eng  ac10000a266.00940bSWE aSwedish Inst Of Missionary Res,  aPost Modern Europeb Context and Mission aUppsalabSwedish Inst. of Missionary Researchc2002 a558p aincludes index and biblioraphy2 aForeign Parts 1701-1950 aChristianity and Other Religions1 aSwedish Inst Of Missionary Res,